Sports Quiz

Random Sports Quiz

1000 IAAF stiga hlaupaafrek karla Quiz Stats

 Plays Quiz not verified by Sporcle

Score 0/31 Timer 10:00
0 Plays Today
Árangur og grein Nafn % Correct
1084: 1500m á 03:41,6Jón Diðriksson
97.8%
1082: 400m á 46,49Jón Arnar Magnússon
97.8%
1050: 800m á 01:49,2Jón Diðriksson
97.8%
1043: 200m á 21,17Jón Arnar Magnússon
97.8%
1027: 100m á 10,3Jón Arnar Magnússon
97.8%
1023: 3000m á 08:05,6Jón Diðriksson
97.8%
1046: 800m á 01:49,4Björn Margeirsson
95.7%
1036: Maraþon á 02:17:12Kári Steinn Karlsson
95.7%
1010: 1500m á 03:47,3Björn Margeirsson
95.7%
1000: 10.000m á 29:28,1Kári Steinn Karlsson
95.7%
1022: 800m á 01:50,2Gunnar Páll Jóakimsson
91.3%
1012: 200m á 21,38Kolbeinn Höður Gunnarsson
89.1%
1154: 400m á 45,36Oddur Sigurðsson
82.6%
1061: 800m á 01:48,8Erlingur Jóhannsson
82.6%
1011: 200m á 21,39Oddur Sigurðsson
82.6%
1018: 100m á 10,57Einar Þór Einarsson
80.4%
Árangur og grein Nafn % Correct
1006: 400m á 47,73Trausti Stefánsson
78.3%
1065: 400m á 46,76Bjarni Stefánsson
69.6%
1025: 800m á 01:50,1Þorsteinn Þorsteinsson
67.4%
1002: 800m á 01:50,9Guðmundur Skúlason
67.4%
1036: 400m á 47,1Vilmundur Vilhjálmsson
65.2%
1034: 200m á 21,23Vilmundur Vilhjálmsson
65.2%
1027: 100m á 10,3Vilmundur Vilhjálmsson
65.2%
1027: 100m á 10,3Hilmar Þorbjörnsson
63%
1008: 100m á 10,60Jóhannes Már Marteinsson
63%
1034: 1500m á 03:45,5Ágúst Ásgeirsson
60.9%
1030: 1500m á 03:45,8Brynjúlfur Heiðar Hilmarsson
56.5%
1014: 800m á 01:50,5Brynjúlfur Heiðar Hilmarsson
56.5%
1014: 800m á 01:50,5Svavar Markússon
54.3%
1013: 1500m á 03:47,1Svavar Markússon
54.3%
1006: 400m á 47,72Aðalsteinn Bernhardsson
52.2%

You're not logged in!

Compare scores with friends on all Sporcle quizzes.
OR
Log In

Show Comments

Extras

Created Mar 14, 2014SourceReportNominate
Tags:1000, iaaf

Top Quizzes Today


Score Distribution

Your Account Isn't Verified!

In order to create a playlist on Sporcle, you need to verify the email address you used during registration. Go to your Sporcle Settings to finish the process.

Report this User

Report this user for behavior that violates our Community Guidelines.

Details: